| 000 | 00549nam a22001817a 4500 | ||
|---|---|---|---|
| 005 | 20240718101304.0 | ||
| 008 | 240716b sa ||||| |||| 00| 0 eng d | ||
| 020 |
_a9781875093939 _qhbk |
||
| 040 |
_aRDA _c3228 |
||
| 041 | _2E | ||
| 082 | _a641.657 VANW | ||
| 100 |
_aVAN WYK ,BEN-ERIK _949214 |
||
| 245 | _aCULINARY HERBS& :SPICES OF THE WORLD | ||
| 260 |
_aQUEENSWOOD ,PRETORIA ,SOUTH AFRICA _bBRIZA PUBLICAT _c2014 |
||
| 300 |
_a320 PAGES _bILLUSTRATIONS _c25 CM |
||
| 942 |
_w10421 _xhlophe mtsweni _y10421 _zhlophe mtsweni |
||
| 942 |
_2ddc _cBOOK |
||
| 999 |
_c765370 _d765369 |
||